[Event "Tripoli Four Seasons-A"]
[Site "Tripoli"]
[Date "2020.03.14"]
[Round "6"]
[White "Aldogri, Mohsen"]
[Black "Al Areefi, Jamal"]
[Result "0-1"]
[WhiteElo "1883"]
[BlackElo "1848"]
[PlyCount "31"]
[EventDate "2020.03.09"]
[EventType "tourn"]
[EventRounds "9"]
[EventCountry "LBY"]
[SourceTitle "CBM 195 Extra"]
[Source "ChessBase"]
[SourceDate "2020.05.31"]
[SourceVersion "1"]
[SourceVersionDate "2020.05.31"]
[SourceQuality "1"]

1. e4 c5 2. Nf3 g6 3. d4 cxd4 4. Nxd4 Bg7 5. Nc3 Nc6 6. Be3 Nf6 7. Be2 0-0 8. 0-0 d5 9. exd5 Nxd5 10. Nxd5 Qxd5 11. Bf3 Qc4 12. Nxc6 bxc6 13. c3 Be6 14. Qb3 Qxf1+ 15. Rxf1 Bxb3 16. axb3 0-1

[Event "Tripoli Four Seasons-A"]
[Site "Tripoli"]
[Date "2020.03.13"]
[Round "5"]
[White "Aldogri, Mohsen"]
[Black "El Gheiadi, Ibrahim"]
[Result "1-0"]
[WhiteElo "1883"]
[BlackElo "1752"]
[PlyCount "67"]
[EventDate "2020.03.09"]
[EventType "tourn"]
[EventRounds "9"]
[EventCountry "LBY"]
[SourceTitle "CBM 195 Extra"]
[Source "ChessBase"]
[SourceDate "2020.05.31"]
[SourceVersion "1"]
[SourceVersionDate "2020.05.31"]
[SourceQuality "1"]

1. e4 c5 2. Nf3 Nc6 3. d4 cxd4 4. Nxd4 Nf6 5. Nc3 e5 6. Ndb5 d6 7. Bg5 a6 8. Na3 b5 9. Nd5 Be7 10. Nxe7 Qxe7 11. c3 Be6 12. Be2 Rd8 13. Bf3 h6 14. Bxf6 Qxf6 15. Nc2 0-0 16. 0-0 Rd7 17. Ne3 Rfd8 18. Qd2 Ne7 19. Rfd1 Ng6 20. Nd5 Bxd5 21. exd5 Qe7 22. a4 Ra7 23. Be2 Rb8 24. axb5 axb5 25. Qe3 Rab7 26. g3 f5 27. Ra6 f4 28. Qe4 Qf6 29. Bd3 Nf8 30. Rda1 f3 31. Ra8 Qf7 32. h4 Rxa8 33. Rxa8 Ra7 34. Qh7# 1-0

[Event "Tripoli Four Seasons-A"]
[Site "Tripoli"]
[Date "2020.03.11"]
[Round "3"]
[White "Aldogri, Mohsen"]
[Black "Attir, Abdurrahman"]
[Result "1/2-1/2"]
[WhiteElo "1883"]
[BlackElo "1658"]
[PlyCount "111"]
[EventDate "2020.03.09"]
[EventType "tourn"]
[EventRounds "9"]
[EventCountry "LBY"]
[SourceTitle "CBM 195 Extra"]
[Source "ChessBase"]
[SourceDate "2020.05.31"]
[SourceVersion "1"]
[SourceVersionDate "2020.05.31"]
[SourceQuality "1"]

1. e4 c6 2. d4 d5 3. Nc3 dxe4 4. Nxe4 Bf5 5. Ng3 Bg6 6. Nf3 Nd7 7. Bd3 Bxd3 8. Qxd3 e6 9. 0-0 Ngf6 10. c4 Be7 11. Bd2 0-0 12. Rfe1 Re8 13. Rad1 c5 14. Bc3 Qc7 15. Re2 Rad8 16. Rde1 h6 17. Qc2 cxd4 18. Bxd4 Bc5 19. b3 a6 20. Qb2 Bxd4 21. Qxd4 Nf8 22. Qc3 Ng6 23. h3 Rd7 24. Ne5 Nxe5 25. Qxe5 Qxe5 26. Rxe5 Rd2 27. R1e2 Red8 28. f3 R8d3 29. Kf2 b6 30. Rxd2 Rxd2+ 31. Re2 Rxe2+ 32. Kxe2 Kf8 33. Kd3 Ke7 34. Kd4 Nd7 35. Ne4 f5 36. Nc3 Kd6 37. f4 e5+ 38. fxe5+ Nxe5 39. a3 Nc6+ 40. Kd3 g5 41. Nd5 b5 42. Ne3 bxc4+ 43. Kxc4 Ne5+ 44. Kb4 Nc6+ 45. Ka4 Ke5 46. b4 h5 47. b5 axb5+ 48. Kxb5 f4 49. Nf1 Nd4+ 50. Kc4 g4 51. hxg4 hxg4 52. Kd3 Nb3 53. Ke2 Ke4 54. a4 f3+ 55. gxf3+ gxf3+ 56. Kf2 1/2-1/2